000 00545nam a22001697a 4500
005 20251108164038.0
008 250721s2001 xx 000 0 ara d
082 1 4 _aم/615.89/شوف
100 1 _aشوفالييه، اندرو
245 1 0 _aالتداوي بالأعشاب و النباتات الطبية :
_bالطب البديل /
264 1 _aبيروت :
_bاكاديميا،
_c2001.
300 _a336ص
650 1 7 _aالنباتات الطبية
700 1 _aالأيوبي، عمر
_eترجمة
942 _2ddc
_cBK
999 _c2252
_d2252